00799nam a22001577a 4500003000900000005001700009008004100026040002300067082001500090100002700105110010700132245016700239260012300406300002200529650009000551BDDh-ASL20231015025730.0201022s2000 b ||||| |||| 00| 0 eng d aBDDh-ASLcBDDh-ASL a930.1bMIA1 aMiah, Md. Abul Hashem 1 aDepartment of Archaeology bMInistry of Cultural Affairs, Govt. of the People's Republic of Bangladesh10aArchaeological Survey Report of Greater Faridpur District /cDepartment of Archaeology, MInistry of Cultural Affairs, Govt. of the People's Republic of Bangladesh aDhaka :bDepartment of Archaeology, MInistry of Cultural Affairs, Govt. of the People's Republic of Bangladeshc2000.  a188 p. :c28 cm.  0aArchaeology, প্রত্নতত্ত্ব PratnatattbazFaridpur, Bangladesh